Commercial timbers of India. 2 V (Record no. 39080)

MARC details
000 -LEADER
fixed length control field 00331nam a2200133Ia 4500
082 ## - DEWEY DECIMAL CLASSIFICATION NUMBER
Classification number 674(540)
Item number PEA
100 ## - MAIN ENTRY--AUTHOR NAME
Personal name Brown, H P
245 #0 - TITLE STATEMENT
Title Commercial timbers of India. 2 V
260 ## - PUBLICATION, DISTRIBUTION, ETC. (IMPRINT)
Place of publication Delhi
Name of publisher A J Reprints
Year of publication 1981
505 ## - FORMATTED CONTENTS NOTE
Formatted contents note set price
700 ## - ADDED ENTRY--PERSONAL NAME
Personal name Pearson, R S
942 ## - ADDED ENTRY ELEMENTS (KOHA)
Koha item type Books
Holdings
Withdrawn status Lost status Damaged status Not for loan Home library Current library Date acquired Cost, normal purchase price Full call number Accession Number Koha item type
        RRII Library RRII Library 16/12/2021 2500.00 674(540) PEA 19425 Books